| 000 | 00897nam a2200265 a 4500 | ||
|---|---|---|---|
| 003 | DO-SdBNP | ||
| 005 | 20220719111545.0 | ||
| 007 | ta | ||
| 008 | 220719e2005 dr ad||fr|||| 001 0dspa d | ||
| 020 | _a9993462152 | ||
| 040 |
_aDO-SdBNP _bspa _cBNPHU |
||
| 082 | 4 |
_222 _bR173r |
|
| 245 | 1 | 3 |
_aEl recurso agua planeación y desarrollo aplicando análisis de sistemas. / _cOrlando Ramírez. |
| 260 |
_aSanto Domingo _bUniversitaria- UASD _c2006 |
||
| 300 |
_a254 p. : _bil., gráf. _c27 cm |
||
| 490 |
_aUniversidad Autónoma de Santo Domingo; _v1258 |
||
| 490 |
_aCiencias y Sociedad; _v18 |
||
| 500 | _aIncluye datos biográficos del autor en la contracubierta. | ||
| 504 | _aBibliografía: p. 254 | ||
| 590 | _aInventariado 2022 / MF | ||
| 830 |
_nUniversidad Autónoma de Santo Domingo; _p1258 _982024 |
||
| 830 |
_nCiencias y Sociedad; _p18 _982025 |
||
| 910 | _aMFeliz | ||
| 942 |
_2ddc _cLBS1 |
||
| 999 |
_c52190 _d52190 |
||